|
|
|
|
| LEADER |
00000nam a2200000 i 4500 |
| 001 |
1/79820 |
| 008 |
080401s2007 eng d |
| 020 |
|
|
|a 978-3-540-70947-3 (hbk.)
|
| 035 |
|
|
|l 10096059
|
| 040 |
|
|
|a GR-MY-UA
|b gre
|e aacr
|
| 041 |
0 |
|
|a eng
|
| 082 |
0 |
|
|a 621.042
|2 (22)
|
| 245 |
1 |
0 |
|a Renewable energy :
|b technology, economics and environment /
|c [editors] Martin Kaltschmitt, Wolfgang Streicher, Andreas Wiese
|
| 260 |
|
|
|a [Berlin] :
|b Springer,
|c [2007]
|
| 300 |
|
|
|a xxxii, 564 σ.;
|b σχέδια;
|c 24 εκ.
|
| 500 |
|
|
|a "With 270 figures and 66 tables"
|
| 504 |
|
|
|a Βιβλιογραφία: σ. [519]-533. Ευρετήριο
|
| 650 |
0 |
0 |
|a Renewable energy sources.
|
| 700 |
1 |
|
|a Kaltschmitt, Martin.
|4 edt
|
| 700 |
1 |
|
|a Streicher, Wolfgang
|c Ao. Univ.-Prof. Dipl.-Ing. Dr. techn.
|4 edt
|
| 700 |
1 |
|
|a Wiese, Andreas
|c Dr.-Ing.
|4 edt
|
| 852 |
|
|
|a INST
|b LESVOS
|e 20081217
|h 621.042 REN
|p 005100043731
|q 005100043731
|t BK
|y 0
|
| 852 |
|
|
|a INST
|b RHODES
|e 20080401
|h 621.042 REN
|p 005400029513
|q 005400029513
|t BK
|y 0
|
| 901 |
|
|
|a BIBL4-2008-1
|
| 901 |
|
|
|a BIBL1-2008-3
|
| 909 |
|
|
|a Ρ
|b 151379
|
| 909 |
|
|
|a Λ
|b 157581
|
| 920 |
|
|
|a ΕΠΕΑΕΚ ΠΜΣ ΠΕΡΙΒΑΛΛΟΝΤΙΚΗ ΚΑΙ ΟΙΚΟΛΟΓΙΚΗ ΜΗΧΑΝΙΚΗ
|y ΛΕΣΒΟΣ
|z 2008-09
|
| 922 |
|
|
|a 4ΕΛΗ
|b 200803
|c ΕΠΕΑΕΚ2/ΠΤΔΕ
|d ΠΑΠΑΣΩΤΗΡΙΟΥ
|
| 970 |
|
|
|a ΧΑΡΙΟΠΟΛΙΤΟΥ
|b ΚΩΝΣΤΑΝΤΙΝΑ
|z 2008/04/01
|